| 000 | 00577nam a22001937a 4500 | ||
|---|---|---|---|
| 005 | 20251108164035.0 | ||
| 008 | 250721s1993 xx 000 0 ara d | ||
| 082 | 1 | 4 | _a320.9563/حطا |
| 100 | 1 | _aالحطاب، سلطان | |
| 245 | 1 | 0 | _aالعراق نقطة.. أول السطر / |
| 264 | 1 |
_aعمان : _bدار العروبة للدراسات، _c1993. |
|
| 300 | _a443ص | ||
| 650 | 1 | 7 | _aالعراق |
| 650 | 1 | 7 | _aالأحوال السياسية |
| 650 | 1 | 7 | _aالتاريخ السياسي |
| 650 | 1 | 7 | _aحرب الخليج 1991 |
| 942 |
_2ddc _cBK |
||
| 999 |
_c2118 _d2118 |
||